Library Banner

Case studies in university governance (Record no. 47021)

MARC details
000 -LEADER
fixed length control field 00508nam a2200181Ia 4500
001 - CONTROL NUMBER
control field 49259
008 - FIXED-LENGTH DATA ELEMENTS--GENERAL INFORMATION
fixed length control field 140430s9999 xx 000 0 und d
020 ## - INTERNATIONAL STANDARD BOOK NUMBER
International Standard Book Number NA
040 ## - CATALOGING SOURCE
Transcribing agency PK-LaUMT
082 ## - DEWEY DECIMAL CLASSIFICATION NUMBER
Classification number 378.100973
Item number DIL-C
100 ## - MAIN ENTRY--PERSONAL NAME
Personal name Dill, David D.
245 ## - TITLE STATEMENT
Title Case studies in university governance
Statement of responsibility, etc Dill, David D.
260 ## - PUBLICATION, DISTRIBUTION, ETC. (IMPRINT)
Place of publication, distribution, etc Washington,USA:
Name of publisher, distributor, etc National Association of State Universities,
Date of publication, distribution, etc 1971
300 ## - PHYSICAL DESCRIPTION
Extent 192 p.
546 ## - LANGUAGE NOTE
Language note EN
650 ## - SUBJECT ADDED ENTRY--TOPICAL TERM
Topical term or geographic name as entry element Universities and Colleges-US-Case studies
942 ## - ADDED ENTRY ELEMENTS (KOHA)
Koha item type Books
Holdings
Withdrawn status Lost status Damaged status Not for loan Home library Current library Date acquired Total Checkouts Full call number Barcode Date last seen Price effective from Koha item type
        UMT Main Campus UMT Main Campus 2014-04-30   378.100973 DIL-C 59172 2014-05-06 2014-05-06 Books